[Event "Crotone Province-ch 07"]
[Site "Cutro"]
[Date "2006.12.09"]
[Round "5"]
[White "Manfredi, Candido"]
[Black "Liistro, Giovanni Carlo"]
[Result "0-1"]
[WhiteElo "1572"]
[BlackElo "1865"]
[PlyCount "116"]
[EventDate "2006.12.07"]
[EventType "swiss"]
[EventRounds "7"]
[EventCountry "ITA"]
[SourceTitle "EXT 2024"]
[Source "ChessBase"]
[SourceDate "2023.10.10"]
[SourceVersion "1"]
[SourceVersionDate "2023.10.10"]
[SourceQuality "1"]

1. e4 e5 2. Nf3 Nc6 3. Bb5 a6 4. Ba4 Nf6 5. 0-0 Be7 6. Re1 b5 7. Bb3 0-0 8. c3 d6 9. h3 Nb8 10. d4 Nbd7 11. Nbd2 Bb7 12. Bc2 Re8 13. Nf1 Bf8 14. Ng3 g6 15. Bg5 h6 16. Be3 exd4 17. Bxd4 c5 18. Bxf6 Qxf6 19. Qd2 Ne5 20. Nxe5 dxe5 21. Re3 Rad8 22. Qe2 Rd6 23. Rd1 Rxd1+ 24. Qxd1 Rd8 25. Rd3 Rxd3 26. Qxd3 Qd6 27. Qxd6 Bxd6 28. Kf1 Kf8 29. Ke2 Ke7 30. Nf1 c4 31. f3 Bc5 32. b4 Ba7 33. a4 h5 34. Nd2 h4 35. Nb1 Kf6 36. Na3 Bc6 37. axb5 axb5 38. Nb1 Kg5 39. Nd2 Kf4 40. Nf1 f5 41. exf5 gxf5 42. Nd2 Bd7 43. Nf1 Bb6 44. Bb1 Bc6 45. Bc2 e4 46. fxe4 fxe4 47. Nd2 e3 48. Nf3 Kg3 49. Bf5 Kxg2 50. Nxh4+ Kg3 51. Ng6 Bf3+ 52. Ke1 e2 53. h4 Bf2+ 54. Kd2 e1Q+ 55. Kc2 Be3 56. Kb2 Qc1+ 57. Ka2 Bd1 58. h5 Bb3# 0-1

[Event "Crotone Province-ch 07"]
[Site "Cutro"]
[Date "2006.12.08"]
[Round "2"]
[White "Liistro, Giovanni Carlo"]
[Black "Scerra, Ezio"]
[Result "1-0"]
[WhiteElo "1865"]
[BlackElo "1392"]
[PlyCount "43"]
[EventDate "2006.12.07"]
[EventType "swiss"]
[EventRounds "7"]
[EventCountry "ITA"]
[SourceTitle "EXT 2024"]
[Source "ChessBase"]
[SourceDate "2023.10.10"]
[SourceVersion "1"]
[SourceVersionDate "2023.10.10"]
[SourceQuality "1"]

1. e4 e5 2. Nf3 Nc6 3. Bb5 Bd6 4. 0-0 Nd4 5. Nxd4 exd4 6. d3 g5 7. Re1 Be5 8. c3 a6 9. Ba4 Qf6 10. Bd2 b5 11. Bb3 Bf4 12. cxd4 Bxd2 13. Nxd2 Bb7 14. e5 Qg6 15. Ne4 Bxe4 16. dxe4 0-0-0 17. a4 b4 18. Rc1 h5 19. Qc2 c6 20. Qc4 c5 21. Qxc5+ Qc6 22. Qa7 1-0

[Event "Crotone Province-ch 07"]
[Site "Cutro"]
[Date "2006.12.07"]
[Round "1"]
[White "Alo, Lucio"]
[Black "Liistro, Giovanni Carlo"]
[Result "1/2-1/2"]
[WhiteElo "1559"]
[BlackElo "1865"]
[PlyCount "49"]
[EventDate "2006.12.07"]
[EventType "swiss"]
[EventRounds "7"]
[EventCountry "ITA"]
[SourceTitle "EXT 2024"]
[Source "ChessBase"]
[SourceDate "2023.10.10"]
[SourceVersion "1"]
[SourceVersionDate "2023.10.10"]
[SourceQuality "1"]

1. Nf3 Nf6 2. d4 g6 3. h3 Bg7 4. e3 0-0 5. Be2 d6 6. Nbd2 Nbd7 7. c4 e5 8. d5 a5 9. 0-0 Nc5 10. Rb1 Ne8 11. Nb3 f5 12. Nxc5 dxc5 13. Ra1 Nd6 14. a3 Bd7 15. Ra2 a4 16. Bd2 Qe7 17. Nh2 Ne4 18. Bd3 Nxd2 19. Qxd2 e4 20. Bc2 Ra6 21. Rb1 Rfa8 22. Nf1 Qd6 23. Bd1 Be8 24. Be2 Rb6 25. Bd1 1/2-1/2

[Event "Siracusa op"]
[Site "Siracusa"]
[Date "2006.09.26"]
[Round "5"]
[White "Liistro, Giovanni Carlo"]
[Black "Santagati, Alessandro"]
[Result "1/2-1/2"]
[WhiteElo "1820"]
[BlackElo "2116"]
[PlyCount "54"]
[EventDate "2006.09.23"]
[EventType "swiss"]
[EventRounds "9"]
[EventCountry "ITA"]
[SourceTitle "EXT 2011"]
[Source "ChessBase"]
[SourceDate "2010.11.26"]
[SourceVersion "1"]
[SourceVersionDate "2010.11.26"]
[SourceQuality "1"]

1. e4 c5 2. c3 Nf6 3. e5 Nd5 4. d4 cxd4 5. Nf3 Nc6 6. Bc4 Nb6 7. Bb3 e6 8. cxd4 d6 9. exd6 Bxd6 10. Nc3 0-0 11. 0-0 a6 12. Be3 Nb4 13. Rc1 N4d5 14. Ne4 Be7 15. Bd2 Bd7 16. Nc5 Bb5 17. Re1 Bxc5 18. dxc5 Nd7 19. Nd4 N7f6 20. Nxb5 axb5 21. Bg5 Qc7 22. Qf3 Rfd8 23. Red1 Rd7 24. h3 h6 25. Bh4 Rc8 26. Bg3 Qc6 27. a3 Rcd8 1/2-1/2

[Event "Siracusa op"]
[Site "Siracusa"]
[Date "2006.09.24"]
[Round "2"]
[White "Antkowiak, Grzegorz"]
[Black "Liistro, Giovanni Carlo"]
[Result "1-0"]
[WhiteElo "2183"]
[BlackElo "1820"]
[PlyCount "31"]
[EventDate "2006.09.23"]
[EventType "swiss"]
[EventRounds "9"]
[EventCountry "ITA"]
[SourceTitle "EXT 2011"]
[Source "ChessBase"]
[SourceDate "2010.11.26"]
[SourceVersion "1"]
[SourceVersionDate "2010.11.26"]
[SourceQuality "1"]

1. e4 e5 2. Nf3 Nc6 3. Bb5 a6 4. Ba4 Nf6 5. d4 b5 6. Bb3 exd4 7. e5 Ne4 8. 0-0 d5 9. exd6 Nxd6 10. Nxd4 Bb7 11. Re1+ Be7 12. Bg5 Nc8 13. Qf3 Qxd4 14. Bxf7+ Kf8 15. Bd5+ Bf6 16. Bxc6 1-0

[Event "Siracusa op"]
[Site "Siracusa"]
[Date "2006.09.23"]
[Round "1"]
[White "Liistro, Giovanni Carlo"]
[Black "Maugeri, Domenico"]
[Result "1-0"]
[WhiteElo "1820"]
[BlackElo "1451"]
[PlyCount "127"]
[EventDate "2006.09.23"]
[EventType "swiss"]
[EventRounds "9"]
[EventCountry "ITA"]
[SourceTitle "EXT 2011"]
[Source "ChessBase"]
[SourceDate "2010.11.26"]
[SourceVersion "1"]
[SourceVersionDate "2010.11.26"]
[SourceQuality "1"]

1. e4 e6 2. d4 d5 3. Nd2 Nf6 4. e5 Nfd7 5. Bd3 c5 6. c3 Nc6 7. Ne2 Qb6 8. Nf3 c4 9. Bc2 Be7 10. 0-0 0-0 11. Ng3 f6 12. exf6 Bxf6 13. Re1 e5 14. dxe5 Ndxe5 15. Qxd5+ Kh8 16. Qe4 g6 17. Nxe5 Nxe5 18. Be3 Qxb2 19. Bd4 Ng4 20. Reb1 Qa3 21. f3 Bxd4+ 22. Qxd4+ Nf6 23. Qxc4 Qe7 24. Re1 Qd6 25. Rad1 Qb6+ 26. Qd4 Qxd4+ 27. cxd4 Nd5 28. Bb3 Nc3 29. Rd3 Nb5 30. d5 Nd6 31. Ne4 Bf5 32. Rde3 Nb5 33. Nc5 Nd6 34. Ne6 Rfe8 35. g4 Bxe6 36. dxe6 Re7 37. Rd1 Nb5 38. Red3 Rae8 39. f4 Kg7 40. f5 gxf5 41. gxf5 Kf6 42. Rd7 Rg8+ 43. Kf2 Rgg7 44. Rxe7 Rxe7 45. Ke3 Nc7 46. Kf4 Ne8 47. Rd7 h6 48. Bd5 b6 49. Bc6 Ng7 50. Rxe7 Kxe7 51. Ke5 Nh5 52. a4 Nf6 53. Bf3 Ne8 54. Bh5 Nf6 55. Bf3 Ne8 56. Kd5 Kf6 57. Be4 h5 58. Kc6 h4 59. Kd7 Ng7 60. e7 a5 61. e8Q Nxe8 62. Kxe8 Ke5 63. Bd3 Kf6 64. Kd7 1-0

[Event "Catanzaro Province-ch"]
[Site "Catanzaro"]
[Date "2006.05.21"]
[Round "4"]
[White "Liistro, Giovanni Carlo"]
[Black "Scerbo, Antonio"]
[Result "0-1"]
[WhiteElo "1802"]
[BlackElo "2124"]
[PlyCount "59"]
[EventDate "2006.05.19"]
[EventType "swiss"]
[EventRounds "5"]
[EventCountry "ITA"]
[SourceTitle "EXT 2024"]
[Source "ChessBase"]
[SourceDate "2023.10.10"]
[SourceVersion "1"]
[SourceVersionDate "2023.10.10"]
[SourceQuality "1"]

1. e4 c5 2. c3 d5 3. exd5 Nf6 4. d4 Nxd5 5. Nf3 cxd4 6. cxd4 e6 7. Nc3 Be7 8. Bd3 0-0 9. 0-0 Nc6 10. Re1 Bf6 11. Be4 Nce7 12. Ng5 g6 13. Qg4 Bg7 14. Qh4 Nf6 15. Bc2 Qa5 16. Re5 Qb4 17. a3 Qb6 18. Nce4 h5 19. Nf3 Nxe4 20. Rxe4 Nf5 21. Qh3 Rd8 22. g4 hxg4 23. Rxg4 Nxd4 24. Nxd4 Rxd4 25. Rxd4 Qxd4 26. Bg5 e5 27. Qc3 Qxc3 28. bxc3 Be6 29. Rb1 b6 30. Rd1 0-1

[Event "Catanzaro Province-ch"]
[Site "Catanzaro"]
[Date "2006.05.20"]
[Round "3"]
[White "Rotunno, Giuseppe"]
[Black "Liistro, Giovanni Carlo"]
[Result "0-1"]
[WhiteElo "1952"]
[BlackElo "1802"]
[PlyCount "122"]
[EventDate "2006.05.19"]
[EventType "swiss"]
[EventRounds "5"]
[EventCountry "ITA"]
[SourceTitle "EXT 2024"]
[Source "ChessBase"]
[SourceDate "2023.10.10"]
[SourceVersion "1"]
[SourceVersionDate "2023.10.10"]
[SourceQuality "1"]

1. d4 Nf6 2. Nf3 g6 3. c4 Bg7 4. Nc3 0-0 5. e4 d6 6. Be2 Nbd7 7. h3 e5 8. Be3 c6 9. 0-0 Re8 10. d5 c5 11. Nd2 a6 12. Qa4 Nf8 13. b4 Bd7 14. Qa3 b6 15. Rab1 Qc7 16. Rb2 Reb8 17. Rfb1 Bc8 18. Na4 N8d7 19. g4 h6 20. g5 hxg5 21. Bxg5 b5 22. Nc3 cxb4 23. Rxb4 Nc5 24. cxb5 axb5 25. Qb2 Bd7 26. Nxb5 Bxb5 27. Bxf6 Bxf6 28. Rxb5 Rxb5 29. Qxb5 Rxa2 30. Qe8+ Kh7 31. Rd1 Bg5 32. Nf3 Nxe4 33. Nxg5+ Nxg5 34. h4 Nh3+ 35. Kf1 Nf4 36. Re1 Kg7 37. h5 gxh5 38. Qc6 Qe7 39. Qc4 Qh4 40. Qe4 Qh3+ 41. Kg1 Rxe2 42. Rxe2 Qg4+ 43. Kf1 Nxe2 44. Qxg4+ hxg4 45. Kxe2 Kf6 46. Ke3 Kf5 47. Kd3 Kf4 48. Ke2 f5 49. Ke1 Ke4 50. Kf1 Kxd5 51. Ke2 Ke4 52. Ke1 Kf3 53. Kf1 f4 54. Kg1 g3 55. fxg3 fxg3 56. Kh1 g2+ 57. Kg1 e4 58. Kh2 e3 59. Kg1 e2 60. Kh2 e1Q 61. Kh3 Qh1# 0-1

[Event "Crotone Province-ch"]
[Site "Cutro"]
[Date "2006.02.05"]
[Round "4"]
[White "Liistro, Giovanni Carlo"]
[Black "Carrozza, Gregorio"]
[Result "1-0"]
[WhiteElo "1784"]
[BlackElo "1619"]
[PlyCount "37"]
[EventDate "2006.02.03"]
[EventType "swiss"]
[EventRounds "5"]
[EventCountry "ITA"]
[SourceTitle "EXT 2024"]
[Source "ChessBase"]
[SourceDate "2023.10.10"]
[SourceVersion "1"]
[SourceVersionDate "2023.10.10"]
[SourceQuality "1"]

1. e4 e6 2. d4 d5 3. Nd2 Nf6 4. e5 Nfd7 5. Bd3 c5 6. c3 Nc6 7. Ne2 cxd4 8. cxd4 Nb6 9. 0-0 Nb4 10. Bb1 Bd7 11. a3 Nc6 12. Bd3 Rc8 13. b4 Ne7 14. b5 Nc4 15. Qb3 Na5 16. Qa2 g6 17. a4 Nf5 18. Ba3 Be7 19. Rfc1 1-0

[Event "Crotone Province-ch"]
[Site "Cutro"]
[Date "2006.02.04"]
[Round "2"]
[White "Liistro, Giovanni Carlo"]
[Black "Di Mauro, Sebastiano"]
[Result "0-1"]
[WhiteElo "1784"]
[BlackElo "1775"]
[PlyCount "60"]
[EventDate "2006.02.03"]
[EventType "swiss"]
[EventRounds "5"]
[EventCountry "ITA"]
[SourceTitle "EXT 2024"]
[Source "ChessBase"]
[SourceDate "2023.10.10"]
[SourceVersion "1"]
[SourceVersionDate "2023.10.10"]
[SourceQuality "1"]

1. e4 e6 2. d4 d5 3. Nd2 c5 4. exd5 exd5 5. Ngf3 Nf6 6. Bb5+ Bd7 7. Bxd7+ Nbxd7 8. 0-0 Be7 9. Re1 0-0 10. dxc5 Nxc5 11. Nb3 Nce4 12. h3 Qc7 13. Be3 Rac8 14. c3 Rfd8 15. Qe2 a6 16. Red1 Bd6 17. Rd4 Bf4 18. Bxf4 Qxf4 19. Rad1 Re8 20. Qd3 Qc7 21. Nbd2 Qb6 22. Qb1 h6 23. Nf1 Rc5 24. Ne3 Rb5 25. Rb4 Rxb4 26. cxb4 Qxb4 27. Nxd5 Nxd5 28. Rxd5 Nc3 29. a3 Qb6 30. Rd6 Ne2+ 0-1

[Event "Crotone Province-ch"]
[Site "Cutro"]
[Date "2006.02.04"]
[Round "3"]
[White "Piccoli, Vincenzo"]
[Black "Liistro, Giovanni Carlo"]
[Result "0-1"]
[WhiteElo "1646"]
[BlackElo "1784"]
[PlyCount "54"]
[EventDate "2006.02.03"]
[EventType "swiss"]
[EventRounds "5"]
[EventCountry "ITA"]
[SourceTitle "EXT 2024"]
[Source "ChessBase"]
[SourceDate "2023.10.10"]
[SourceVersion "1"]
[SourceVersionDate "2023.10.10"]
[SourceQuality "1"]

1. d4 Nf6 2. c4 g6 3. Nc3 Bg7 4. e4 d6 5. Nf3 0-0 6. Be2 Nbd7 7. 0-0 e5 8. d5 a5 9. a3 Nc5 10. Bg5 h6 11. Bxf6 Qxf6 12. b4 axb4 13. axb4 Rxa1 14. Qxa1 Na6 15. Qb2 Qe7 16. Nd2 f5 17. f3 Qg5 18. Nd1 h5 19. Qc3 Bh6 20. Nb3 h4 21. Nf2 Qe3 22. Qxe3 Bxe3 23. b5 Nc5 24. Nxc5 Bxc5 25. g3 hxg3 26. hxg3 fxe4 27. fxe4 Bh3 0-1

[Event "Cutro op-B 10th"]
[Site "Cutro"]
[Date "2004.04.26"]
[Round "2"]
[White "Ielapi, Vito"]
[Black "Liistro, Giovanni Carlo"]
[Result "1-0"]
[WhiteElo "1842"]
[BlackElo "1718"]
[PlyCount "75"]
[EventDate "2004.04.25"]
[EventType "swiss"]
[EventRounds "7"]
[EventCountry "ITA"]
[SourceTitle "EXT 2023"]
[Source "ChessBase"]
[SourceDate "2022.10.05"]
[SourceVersion "1"]
[SourceVersionDate "2022.10.05"]
[SourceQuality "1"]

1. e4 e5 2. Nf3 Nc6 3. Bb5 a6 4. Ba4 Nf6 5. 0-0 Be7 6. Re1 b5 7. Bb3 0-0 8. c3 d6 9. h3 Nb8 10. d4 Nbd7 11. Nbd2 Bb7 12. Bc2 Re8 13. Nf1 Bf8 14. Ng3 g6 15. Bg5 Bg7 16. Qd2 c6 17. Rad1 Qc7 18. Nh2 h5 19. f4 exf4 20. Qxf4 Nh7 21. Bh6 Ndf8 22. Bxg7 Kxg7 23. Nf3 Ne6 24. Qd2 Rad8 25. Kh1 Qe7 26. d5 Nc7 27. Nd4 Qd7 28. Rf1 cxd5 29. Nxh5+ gxh5 30. Nf5+ Kh8 31. Qh6 f6 32. exd5 Bxd5 33. Rfe1 Rxe1+ 34. Rxe1 Rg8 35. Re7 Bxg2+ 36. Kh2 Qxe7 37. Nxe7 Rg7 38. Bxh7 1-0